[Event "Chigorin Memorial 29th"]
[Site "St Petersburg"]
[Date "2022.10.23"]
[Round "2"]
[White "Bataev, Nikita"]
[Black "Reger, Valeriia"]
[Result "0-1"]
[WhiteElo "1357"]
[BlackElo "2039"]
[PlyCount "174"]
[EventDate "2022.10.22"]
[EventType "swiss"]
[EventRounds "9"]
[EventCountry "RUS"]
[SourceTitle "EXT 2024"]
[Source "ChessBase"]
[SourceDate "2023.10.10"]
[SourceVersion "1"]
[SourceVersionDate "2023.10.10"]
[SourceQuality "1"]

1. e4 e6 2. d4 d5 3. Nc3 Bb4 4. exd5 exd5 5. Nf3 Bg4 6. Be2 Nc6 7. 0-0 Nge7 8. Be3 0-0 9. a3 Bd6 10. Nb5 Nf5 11. Nxd6 Qxd6 12. Qd3 Rae8 13. Rae1 Nxe3 14. fxe3 Qh6 15. Bd1 Re6 16. e4 dxe4 17. Rxe4 Rg6 18. d5 Bxf3 19. Bxf3 Nd8 20. Rfe1 Rd6 21. c4 b6 22. Re8 Ne6 23. Rxf8+ Nxf8 24. Qe3 Qh4 25. Qe4 Qf6 26. Qe5 Qh6 27. Qe3 Qf6 28. Qe5 Qd8 29. Qe7 a5 30. Qxd8 Rxd8 31. Re7 Rd7 32. Re8 g6 33. b4 axb4 34. axb4 f5 35. c5 bxc5 36. bxc5 Kf7 37. Rc8 Re7 38. c6 g5 39. d6 cxd6 40. c7 Re1+ 41. Kf2 Rc1 42. Bh5+ Kg7 43. Rd8 Rxc7 44. Rxd6 Nd7 45. Re6 Nf6 46. Bf3 Kf7 47. Re5 Kg6 48. Re6 Rc5 49. h3 Kf7 50. Rc6 Ra5 51. Rc7+ Kg6 52. Rc6 Kf7 53. Rc7+ Ke6 54. g4 Ra2+ 55. Ke3 Ra3+ 56. Kf2 Ra2+ 57. Ke3 f4+ 58. Kd4 Rd2+ 59. Kc3 Rh2 60. Kd4 Rxh3 61. Rc6+ Kf7 62. Ke5 Nd7+ 63. Kd6 Rxf3 64. Kxd7 Rd3+ 65. Kc7 f3 66. Rc5 h6 67. Rf5+ Kg6 68. Rf8 Rd4 69. Rxf3 Rxg4 70. Kd6 Re4 71. Kd5 Re1 72. Rc3 g4 73. Rc4 Kg5 74. Rc5 h5 75. Kd4+ Kh4 76. Rc4 Kg3 77. Kd3 h4 78. Rc3 Re8 79. Kd2+ Kf2 80. Rc4 Kg3 81. Rc3+ Kh2 82. Rc2 g3 83. Kd3+ Kh3 84. Rc3 g2 85. Kd4+ Kh2 86. Rc2 h3 87. Rb2 Re1 0-1

[Event "Chigorin Memorial 29th"]
[Site "St Petersburg"]
[Date "2022.10.22"]
[Round "1"]
[White "Poliakova, Varvara"]
[Black "Bataev, Nikita"]
[Result "1/2-1/2"]
[WhiteElo "2013"]
[BlackElo "1357"]
[PlyCount "145"]
[EventDate "2022.10.22"]
[EventType "swiss"]
[EventRounds "9"]
[EventCountry "RUS"]
[SourceTitle "EXT 2024"]
[Source "ChessBase"]
[SourceDate "2023.10.10"]
[SourceVersion "1"]
[SourceVersionDate "2023.10.10"]
[SourceQuality "1"]

1. e4 c6 2. d4 d5 3. Nd2 dxe4 4. Nxe4 Bf5 5. Ng3 Bg6 6. h4 h6 7. Nh3 Nf6 8. Nf4 Bh7 9. Bc4 e6 10. 0-0 Nd5 11. Nxd5 cxd5 12. Bb5+ Nc6 13. Qg4 Qb6 14. a4 a6 15. Bxc6+ Qxc6 16. c3 Bg6 17. h5 Bc2 18. Re1 0-0-0 19. f4 Bd6 20. Bd2 Rhg8 21. b4 g6 22. Qe2 gxh5 23. Nxh5 Bxa4 24. f5 exf5 25. Qd3 Qb5 26. Qxf5+ Qd7 27. Qf3 Bc2 28. Nf6 Be4 29. Nxe4 dxe4 30. Qh5 Rg3 31. Re3 Rg4 32. Rf1 Rdg8 33. Re2 Qb5 34. Qxb5 axb5 35. Rxf7 Rh4 36. Ref2 Rg3 37. R2f6 Rhg4 38. Rxd6 Rxg2+ 39. Kf1 Rxd2 40. Rxh6 Rd1+ 41. Ke2 Rdg1 42. Rh8+ Rg8 43. Rhh7 R8g2+ 44. Ke3 Re1+ 45. Kf4 Rf2+ 46. Ke5 Rxf7 47. Rxf7 Re3 48. Kd6 Kb8 49. Rf8+ Ka7 50. Kc5 Rxc3+ 51. Kxb5 Rd3 52. Kc5 Rc3+ 53. Kb5 Rd3 54. Kc4 Rd1 55. Re8 Rc1+ 56. Kb5 Re1 57. d5 e3 58. Kc5 e2 59. Kd6 Kb6 60. Re4 Kb5 61. Ke6 Rd1 62. Rxe2 Kxb4 63. d6 Kc3 64. Re5 Kc4 65. Kd7 b5 66. Kc6 b4 67. Rc5+ Kb3 68. Rd5 Rh1 69. d7 Rh8 70. d8Q Rxd8 71. Rxd8 Kc2 72. Rh8 b3 73. Rh2+ 1/2-1/2

[Event "RUS Cup U09 final"]
[Site "Bryansk"]
[Date "2019.01.10"]
[Round "7"]
[White "Zemlyanskii, Ivan"]
[Black "Bataev, Nikita"]
[Result "1-0"]
[WhiteElo "1543"]
[BlackElo "1273"]
[PlyCount "61"]
[EventDate "2019.01.04"]
[EventType "swiss"]
[EventRounds "7"]
[EventCountry "RUS"]
[SourceTitle "EXT 2021"]
[Source "ChessBase"]
[SourceDate "2020.10.23"]
[SourceVersion "1"]
[SourceVersionDate "2020.10.23"]
[SourceQuality "1"]

1. d4 d5 2. c4 e5 3. dxe5 d4 4. Nf3 Nc6 5. g3 Bg4 6. Bg2 Qd7 7. Qb3 0-0-0 8. Nbd2 Nge7 9. Ne4 Ng6 10. 0-0 Bh3 11. Rd1 Bxg2 12. Kxg2 Ngxe5 13. Nxe5 Nxe5 14. Bf4 Qc6 15. f3 Ng6 16. Bd2 Be7 17. Nf2 h5 18. c5 Rhf8 19. Rac1 h4 20. Nd3 Qd7 21. c6 bxc6 22. Qa4 Qe6 23. Re1 Rh8 24. g4 h3+ 25. Kg1 Bd6 26. Rxc6 Qd7 27. Rec1 Rh4 28. Qxa7 Qe7 29. Nc5 Bxh2+ 30. Kh1 Qxe2 31. Qb7# 1-0

[Event "RUS Cup U09 final"]
[Site "Bryansk"]
[Date "2019.01.08"]
[Round "5"]
[White "Bukreev, Stanislav"]
[Black "Bataev, Nikita"]
[Result "1-0"]
[WhiteElo "1277"]
[BlackElo "1273"]
[PlyCount "87"]
[EventDate "2019.01.04"]
[EventType "swiss"]
[EventRounds "7"]
[EventCountry "RUS"]
[SourceTitle "EXT 2021"]
[Source "ChessBase"]
[SourceDate "2020.10.23"]
[SourceVersion "1"]
[SourceVersionDate "2020.10.23"]
[SourceQuality "1"]

1. d4 Nf6 2. c4 d6 3. Nc3 Nbd7 4. Nf3 e5 5. e4 Be7 6. Be2 0-0 7. 0-0 c6 8. Be3 a6 9. d5 Qc7 10. Rc1 Re8 11. Qc2 Bf8 12. b4 c5 13. a3 b6 14. Rb1 Bb7 15. a4 cxb4 16. Rxb4 Nc5 17. Rfb1 Nfd7 18. Bxc5 Qxc5 19. a5 Qc8 20. axb6 Nc5 21. Na4 g6 22. Nxc5 Qxc5 23. Nd2 Bh6 24. Nf3 Qc8 25. Ne1 Qd8 26. Nd3 Rc8 27. Bd1 Qg5 28. Qc1 Qh4 29. Qb2 Qxe4 30. Qc3 Qf5 31. h3 e4 32. Bg4 Qg5 33. Bxc8 Rxc8 34. Nc1 Bg7 35. Qe3 Qe7 36. Nb3 Bf6 37. f3 exf3 38. Qxe7 Bxe7 39. Na5 Rb8 40. gxf3 Bf6 41. R4b3 Bd4+ 42. Kf1 Bg7 43. Re1 h6 44. Re7 1-0